004970000a220009700045001000019000002450068000193000048000875000033001355200215001687730016003831 aAlvarado, Ruth10aLos derechos de igualdad : El acceso a la justicia en el Perú aVol.0, núm.66 (Mayo, 2006), Páginas 1-3 aAbogada. Directora de Agape. aPaz y Esperanza es una organización cristiana en el Perú que promueve la justicia social defendiendo los derechos humanos de individuos y comunidades que están marginados o no tienen acceso a la justicia.0 tPaso a Paso